Statistics for Sue Grafton's Alphabet Series

Click here to take the quiz!

General Stats

  • This quiz has been taken 4,690 times
  • The average score is 18 of 24

Answer Stats

YearHintAnswer% Correct
1992The opposite of guiltyI is for {Innocent}
97%
1986A dead bodyC is for {Corpse}
97%
1994One who commits murderK is for {Killer}
95%
1985Person who breaks into a building, especially at nightB is for {Burglar}
95%
2005The lack of soundS is for {Silence}
92%
1982Proof that a person was not present when the crime as committedA is for {Alibi}
91%
1988Data used to convict or exonerate a suspectE is for {Evidence}
91%
1998Hangman's ropeN is for {Noose}
89%
2007To unlawfully enter a propertyT is for {Trespass}
88%
2017A day we'll never get backY is for {Yesterday}
88%
1991Another word for murderH is for {Homicide}
87%
2002Something being hunted; or, a place where rocks are minedQ is for {Quarry}
86%
1989One who is on the run from the lawF is for {Fugitive}
85%
2004A bullet's bounceR is for {Ricochet}
84%
2011RetributionV is for {Vengeance}
73%
1993A ruling by the courtJ is for {Judgment}
66%
2001A state of imminent dangerP is for {Peril}
60%
1987Person who evades child support paymentsD is for {Deadbeat}
58%
2013Mobster slang for "iced, whacked, killed". It also means "drunk".W is for {Wasted}
53%
1995Describes a place where the law does not applyL is for {Lawless}
50%
2009A deadly current that sucks one away from the shoreU is for {Undertow}
49%
1990Slang for "detective"G is for {Gumshoe}
48%
1996An intention to do ill will, usually necessary for a charge of 1st degree murderM is for {Malice}
48%
1999One who is not afforded the protection of the lawO is for {Outlaw}
43%

Score Distribution

Percentile by Number Answered

Percent of People with Each Score

Your Score History

You have not taken this quiz